[Event "CCA Vermont Open"]
[Site "Stratton Mountain USA"]
[Date "2003.06.06"]
[Round "5"]
[White "Stolerman,J"]
[Black "Firman,N"]
[Result "0-1"]
[WhiteElo "2197"]
[BlackElo "2505"]

1.e4 g6 2.d4 Bg7 3.Nc3 c6 4.Nf3 d6 5.Be3 Nf6 6.Qd2 b5 7.Bd3 Bg4 8.Ng1 Nbd7
9.h3 Be6 10.Nf3 Nb6 11.d5 cxd5 12.Bxb5+ Bd7 13.Bxd7+ Qxd7 14.exd5 Nc4 15.Qc1 Rc8
16.Bd4 e5 17.dxe6 Qxe6+ 18.Kf1 O-O 19.b3 Ne5 20.Ng5 Qf5 21.g4 Nexg4 22.hxg4 Nxg4
23.Qd2 Rxc3 24.Qxc3 Nxf2 25.Rxh7 Nd3+ 26.Ke2 Re8+ 27.Kd2 Qxg5+ 28.Kxd3 Qg3+
29.Kd2 Qf4+ 30.Kd3 Qe4+ 31.Kc4 Bxd4  0-1

[Event "4th IECC"]
[Site "Istanbul TUR"]
[Date "2003.06.07"]
[Round "8"]
[White "Shomoev,A"]
[Black "Sanduleac,V"]
[Result "0-1"]
[WhiteElo "2558"]
[BlackElo "2492"]

1.e4 g6 2.d4 Bg7 3.Nc3 c6 4.f4 Qb6 5.Nf3 d5 6.e5 Bg4 7.Be2 Nh6 8.Na4 Qa5+
9.c3 Bxf3 10.Bxf3 Nd7 11.b4 Qc7 12.O-O a5 13.Be3 Nf5 14.Bf2 h5 15.Nc5 axb4
16.Nxd7 Kxd7 17.cxb4 Ra3 18.b5 e6 19.bxc6+ bxc6 20.Qd2 Qa5 21.Qb2 Rc8 22.Bd1 Qc3
23.Rb1 Qxb2 24.Rxb2 Bf8 25.Rb7+ Rc7 26.Rxc7+ Kxc7 27.Bb3 Bb4 28.Rd1 Ra8 29.Kf1 Rb8
30.Ke2 Ba3 31.g3 Be7 32.Rc1 Kd7 33.Kd3 Bd8 34.Ba4 Rb6 35.h3 g5 36.fxg5 Bxg5
37.Rc2 Ra6 38.Bb3 Ra8 39.Be1 Be3 40.Bc3 Rg8 41.Rg2 c5 42.dxc5 Bxc5 43.Be1 Bb6
44.Ba4+ Kd8 45.g4 hxg4 46.Rxg4 Rh8 47.h4 Bc7 48.Bc3 Kc8 49.Rf4 Rh7 50.Bc6 Bb6
51.Be1 Rh5 52.Be8 Rh7 53.Ra4 Kb7 54.Rb4 Kc7 55.Ra4 Rg7 56.Rf4 Kd8 57.Ba4 Rg1
58.Bd2 Rg3+ 59.Ke2 Rg2+ 60.Ke1 Rxd2 61.Rxf5 Ba5 62.Rxf7 Rxa2+ 63.Kf1 Rxa4
64.h5 Rh4 65.Ra7 Bc7  0-1

[Event "Master Open"]
[Site "Ploiesti ROM"]
[Date "2003.06.07"]
[Round "9"]
[White "Mosnegutu,M"]
[Black "Levay,S"]
[Result "1/2-1/2"]
[WhiteElo "2242"]
[BlackElo "2296"]

1.e4 g6 2.d4 Bg7 3.Nc3 c6 4.Bc4 d6 5.Be3 Nf6 6.f3 Nbd7 7.Bb3 b5 8.a4 b4 9.Nce2 a5
10.Qd2 Ba6 11.c4 bxc3 12.bxc3 O-O 13.Nh3 Rb8 14.Qa2 d5 15.e5 Ne8 16.Rb1 Nb6
17.O-O Bd3 18.Rbd1 Bc4 19.Rb1 Nc7 20.Bg5 Ne6 21.Bxc4 Nxg5 22.Nxg5 Nxc4 23.f4 h6
24.Nf3 Qd7 25.Nd2 Ne3 26.Rf3 Nf5 27.g3 Rxb1+ 28.Qxb1 Qa7 29.g4 Rb8 30.Qe1 Nh4
31.Qxh4 Rb2 32.Qe1 Qb6 33.Nc1 c5 34.Qf2 c4 35.Qe3 Rc2 36.Rf1 Qb2 37.Nf3 Rxc3
38.Qe1 Rc2 39.f5 e6 40.fxe6 fxe6 41.Kh1 Bf8 42.Qe3 g5 43.Nd3 cxd3 44.Qxd3 Kg7
45.Qa6 Rf2 46.Rxf2 Qxf2 47.Qd3 Bb4 48.Ng1 Qe1 49.Kg2 Qa1 50.Qb5 Kf7 51.Qf1+ Qxf1+
52.Kxf1 Bc3 53.Nf3 Kg6 54.Ke2 Ba1 55.Kd3 Kf7 56.Ne1 Ke7 57.Nc2 Bb2  1/2-1/2

[Event "ch-Solingen"]
[Site "Solingen GER"]
[Date "2003.06.08"]
[Round "5"]
[White "Hubert,R"]
[Black "Schneider,Bernd1"]
[Result "1/2-1/2"]
[WhiteElo "2347"]
[BlackElo "2424"]

1.d4 g6 2.e4 Bg7 3.Nc3 c6 4.Nf3 d5 5.h3 Nf6 6.e5 Ne4 7.Bd3 Nxc3 8.bxc3 c5
9.dxc5 Nc6 10.Bf4 Qa5 11.Qd2 O-O 12.O-O Qxc5 13.Rab1 d4 14.Rb5 Qxc3 15.Qc1 Nb4
16.Bd2 Nxd3 17.Qb1 Qc7 18.cxd3 b6 19.Rc1 Qd7 20.Rb4 Bb7 21.Rxd4 Qe6 22.Ng5 Qxe5
23.Rd7 Ba6 24.Qb4 h6 25.Rxe7 Qd5 26.Nf3 Bxd3 27.Rcc7 Qxa2 28.Qh4 g5 29.Qg3 Bg6
30.h4 Bf6 31.hxg5 Bxe7 32.Rxe7 Rfe8 33.Rxe8+ Rxe8 34.Bc3 Qb1+ 35.Kh2 Qf5
36.Qh4 Rc8 37.Bb2 Rc2 38.Be5 Rc5 39.Bb2 Rc2 40.Be5 Rc5 41.Bb2 Rc2  1/2-1/2

[Event "IV Open"]
[Site "Lido Estensi ITA"]
[Date "2003.06.12"]
[Round "6"]
[White "Bordi,K"]
[Black "Emami,M"]
[Result "1/2-1/2"]
[WhiteElo "2173"]
[BlackElo "2031"]

1.e4 c6 2.d4 g6 3.Nc3 Bg7 4.f4 d5 5.Nf3 dxe4 6.Nxe4 Nf6 7.Nxf6+ Bxf6 8.c3 Bg4
9.Be2 e6 10.O-O O-O 11.h3 Bxf3 12.Bxf3 Nd7 13.Be3 Qc7 14.Qb3 a6 15.Rad1 Rad8
16.Kh1 Be7 17.c4 Bd6 18.Qc3 Rfe8 19.b4 Bf8 20.Qd3  1/2-1/2

[Event "Master Open"]
[Site "Voronezh RUS"]
[Date "2003.06.19"]
[Round "7"]
[White "Kuznetsov,Vi2"]
[Black "Mednikov,G"]
[Result "1-0"]
[WhiteElo "2399"]
[BlackElo "2198"]

1.e4 g6 2.d4 Bg7 3.Nc3 c6 4.Be3 d6 5.Qd2 Nd7 6.O-O-O b5 7.Bd3 Qa5 8.Kb1 Nb6
9.h4 Nc4 10.Bxc4 bxc4 11.h5 gxh5 12.Nge2 Rb8 13.Ka1 Qb4 14.Rb1 Rb6 15.Nf4 Ra6
16.Nxh5 Bf8 17.f3 f5 18.exf5 Bxf5 19.g4 Bg6 20.Nf4 Bf7 21.g5 Bg7 22.Qg2 c5
23.g6 hxg6 24.Rxh8 Bxh8 25.Qh3 Qb8 26.Qxh8 cxd4 27.Bxd4 e5 28.Bf2 exf4 29.Re1+ Kd8
30.Qg7  1-0

[Event "zt 3.2a"]
[Site "Ho Chi Minh City VIE"]
[Date "2003.06.23"]
[Round "3"]
[White "Antonio,R"]
[Black "Dinh Duc Trong"]
[Result "1-0"]
[WhiteElo "2521"]
[BlackElo "2380"]

1.e4 g6 2.d4 Bg7 3.Nc3 c6 4.Bc4 d6 5.Qf3 e6 6.Nge2 Nd7 7.Bb3 Ngf6 8.g4 Qe7
9.Ng3 h5 10.g5 Nh7 11.Qe3 e5 12.d5 Nc5 13.h4 O-O 14.Qe2 Nxb3 15.axb3 Bg4
16.f3 Bd7 17.b4 f6 18.Nxh5 fxg5 19.Nxg7 Kxg7 20.h5 gxh5 21.Rxh5 Qf7 22.Qh2 Qg6
23.dxc6 Bxc6 24.Rh3 Rf7 25.Be3 Raf8 26.Ke2 g4 27.Rh6 gxf3+ 28.Kd3 Bxe4+ 29.Nxe4 Qf5
30.Rh5 d5 31.Rxf5 dxe4+ 32.Kxe4 Rxf5 33.Bh6+ Kg6 34.Rg1+ Rg5 35.Bxf8  1-0

[Event "zt 3.2a"]
[Site "Ho Chi Minh City VIE"]
[Date "2003.06.24"]
[Round "5"]
[White "Goh Koon Jong,J"]
[Black "Dinh Duc Trong"]
[Result "1-0"]
[WhiteElo "2297"]
[BlackElo "2380"]

1.d4 g6 2.e4 Bg7 3.Nc3 c6 4.h3 d5 5.Nf3 Nf6 6.e5 Ne4 7.Nxe4 dxe4 8.Ng5 c5
9.dxc5 Qa5+ 10.Bd2 Qxc5 11.Bc3 e3 12.f4 Nc6 13.Qd3 O-O 14.Qb5 Qb6 15.Qxb6 axb6
16.Bd3 Ra4 17.g3 f6 18.exf6 exf6 19.Nf3 Be6 20.Ke2 Re8 21.a3 Kf7 22.Rad1 Bf8
23.Bb5 Re4 24.Nd4 Bd5 25.Nxc6 Bxc6 26.Bxc6 bxc6 27.Rd7+ Be7 28.Rhd1 Ra8 29.R1d3 c5
30.Rb7 Ra6 31.Rxe3 Rxe3+ 32.Kxe3 h5 33.Kd3 Ke6 34.Kc4 h4 35.g4 Bd8 36.Rh7 Ra4+
37.Kb5 Rxf4 38.Rxh4 Rf2 39.Rh8 Kd7 40.Rh7+ Kd6 41.h4 Rg2 42.Rh8 Kd7 43.h5 Rxg4
44.h6 Be7 45.Rg8 Rh4 46.Rxg6 f5 47.Kxb6 f4 48.Be1 Rh2 49.b4 Rxc2 50.h7 Rh2
51.Rg7 Ke6 52.bxc5 Bf6 53.Rg4 Kf5 54.Rg8 Rxh7 55.c6 Bd4+ 56.Kb5 f3 57.Rf8+ Ke4
58.Bg3 Rh5+ 59.Ka6 Rc5 60.c7 f2 61.Rd8 Kd3  1-0

[Event "TCh-BIH"]
[Site "Jahorina BIH"]
[Date "2003.06.24"]
[Round "6"]
[White "Predojevic,B"]
[Black "Mehmedovic,M"]
[Result "1-0"]
[WhiteElo "2430"]
[BlackElo "2262"]

1.e4 c6 2.d4 g6 3.Nc3 Bg7 4.Nf3 d5 5.h3 Nh6 6.Bd3 dxe4 7.Nxe4 Nf5 8.c3 Nd6
9.O-O Nxe4 10.Bxe4 Nd7 11.Re1 O-O 12.Bc2 Nf6 13.Bf4 Nd5 14.Be5 Bf6 15.Qd2 Kg7
16.c4 Nc7 17.b3 a5 18.Re4 h5 19.Rh4 Bxe5 20.Rxh5 Bxd4 21.Qh6+ Kf6 22.Qf4+ Kg7
23.Nxd4 Rh8 24.Rxh8 Kxh8 25.Rd1  1-0

[Event "TCh-BIH"]
[Site "Jahorina BIH"]
[Date "2003.06.24"]
[Round "6"]
[White "Zelcic,R"]
[Black "Saric,Ib"]
[Result "1-0"]
[WhiteElo "2540"]
[BlackElo "2413"]

1.e4 g6 2.d4 Bg7 3.Nc3 c6 4.Nf3 d6 5.h3 Nf6 6.Bd3 Nbd7 7.O-O e5 8.dxe5 dxe5
9.Be3 O-O 10.Qd2 Qe7 11.Bh6 Nh5 12.a4 Nc5 13.Bxg7 Kxg7 14.b4 Ne6 15.Ne2 Nhf4
16.Nxf4 Nxf4 17.Qc3 Re8 18.Rfd1 Qf6 19.Bf1 g5 20.Nd2 Be6 21.Nc4 Bxc4 22.Qxc4 Rad8
23.Qc5 b6 24.Qe3 Rxd1 25.Rxd1 Rd8 26.Ra1 Qe7 27.c3 f6 28.g3 Ne6 29.Bc4 Nc7
30.Be2 Ne8 31.a5 b5 32.Rd1 Rxd1+ 33.Bxd1 Nd6 34.Bb3 Qc7 35.Kg2 Qe7 36.Qf3 Qc7
37.Qg4 Qe7 38.Qe2 Qc7 39.h4 h6 40.Qg4 Qe7 41.h5 Kf8 42.Kg1 Ke8 43.Qe2 Qd7
44.Qd3 Ke7 45.Qe3 Ke8 46.Kg2 Ke7 47.Qd3 Qg4 48.f3 Qd7 49.Ba2 Ke8 50.Qe3 Ke7
51.Qc5 Ke8 52.a6 Nc8 53.Qe3 Ke7 54.Bb3 Qd6 55.Qe2 Nb6 56.Qe3 Nc8 57.Bg8 Qd8
58.Qc5+ Qd6 59.Qf2 Qd7 60.Qa2 Nd6 61.g4 Kf8 62.Be6 Qd8 63.Kg3 Qc7 64.Kg2 Ke7
65.Kh3 Kf8 66.Qf2 Ke7 67.Bf5 Kf7 68.Qc5 Ke7 69.c4 Kf7 70.cxb5 Nxb5 71.Qc4+ Kg7
72.Qe6 Nd4 73.Qe8 Qf7 74.Qc8 Qe7 75.Qb7 Kf8 76.Kg2 Qf7 77.Kg3 Ne2+ 78.Kh2 Nf4
79.Kg3 Ne2+ 80.Kf2 Nf4 81.Ke1 Ng2+ 82.Kf1 Nf4 83.Qxc6 Qe7 84.b5 Qa3 85.Qxf6+ Ke8
86.Qxe5+ Kf7 87.Bg6+ Nxg6 88.hxg6+ Kxg6 89.Qe6+ Kg7 90.Qd7+ Kg8 91.Qe6+ Kg7
92.Ke2 Qb2+ 93.Kd3 Qf2 94.e5  1-0

[Event "zt 3.2a"]
[Site "Ho Chi Minh City VIE"]
[Date "2003.06.26"]
[Round "7"]
[White "Goh Weiming"]
[Black "Dinh Duc Trong"]
[Result "0-1"]
[WhiteElo "2264"]
[BlackElo "2380"]

1.e4 g6 2.d4 Bg7 3.Nc3 c6 4.Bc4 d6 5.Qf3 e6 6.Nge2 Nd7 7.Bf4 Qe7 8.Bb3 Ngf6
9.O-O-O O-O 10.h3 b5 11.d5 cxd5 12.exd5 e5 13.Bg5 b4 14.Ne4 h6 15.Nxf6+ Nxf6
16.Bd2 a5 17.Rhe1 a4 18.Bc4 Qc7 19.b3 axb3 20.Qxb3 Bd7 21.Bxb4 Rfc8 22.Bd3 Ba4
23.Qb1 Nxd5 24.Rd2 Nxb4 25.Qxb4 d5 26.c3 Bf8 27.Qg4 Ba3+ 28.Kb1 e4 29.Bxe4 Qb7+
30.Ka1 dxe4  0-1

[Event "2nd It"]
[Site "Grenoble FRA"]
[Date "2003.06.27"]
[Round "9"]
[White "Bolding,K"]
[Black "Todorov,T"]
[Result "0-1"]
[WhiteElo "2309"]
[BlackElo "2470"]

1.e4 g6 2.d4 Bg7 3.Nc3 c6 4.Be3 d6 5.Nf3 Nd7 6.Qd2 b5 7.Bd3 Qc7 8.O-O Bb7
9.a4 b4 10.Ne2 a5 11.c3 c5 12.cxb4 axb4 13.dxc5 dxc5 14.Rfd1 Ngf6 15.Rac1 O-O
16.Qxb4 Rfb8 17.Qd2 Bc6 18.Bxc5 Nxc5 19.Rxc5 Qb6 20.Rdc1 Bxa4 21.Qf4 Rd8
22.Ne1 Qxb2 23.e5 Nd7 24.Rd5 e6 25.Rb1 Qa3 26.Bc4 exd5 27.Bxd5 Nxe5 28.Bxa8 Rxa8
29.Qe4 Bc6 30.Qc2 Qa4 31.Qc1 h5 32.f4 Ng4 33.Qd2 Qa7+ 34.Kf1 Nxh2+  0-1

[Event "2nd Open"]
[Site "La Fere FRA"]
[Date "2003.07.01"]
[Round "5"]
[White "Shirazi,K"]
[Black "Piankov,E"]
[Result "0-1"]
[WhiteElo "2437"]
[BlackElo "2378"]

1.e4 g6 2.d4 Bg7 3.Nc3 c6 4.Bc4 d5 5.exd5 b5 6.Bb3 b4 7.Nce2 cxd5 8.a3 bxa3
9.Rxa3 Nf6 10.Nf3 O-O 11.O-O Nc6 12.Ne5 Bb7 13.Nf4 e6 14.Nxc6 Bxc6 15.Bd2 Qc7
16.Nd3 Bb5 17.Ba4 a6 18.Bb4 Rfc8 19.c3 Bxd3 20.Qxd3 a5 21.Bc5 Ne4 22.b4 axb4
23.cxb4 Qf4 24.Bd7 Nxc5 25.bxc5 Rcb8 26.c6 Rxa3 27.Qxa3 Bxd4 28.g3 Qc7 29.Rd1 Be5
30.Kg2 Rb2 31.Rd3 Rb8 32.Rf3 Bd6 33.Qd3 Qa5 34.Qe2 e5 35.Rf6 Qc5 36.g4 e4
37.Qd2 Be5 38.Qg5 Qc3 39.Rf4 h6 40.Qxh6 Qc1  0-1

[Event "32nd TCh-GRE"]
[Site "Kallithea Chalkidiki GRE"]
[Date "2003.07.04"]
[Round "1"]
[White "Skembris,S"]
[Black "Karapanos,N"]
[Result "1-0"]
[WhiteElo "2443"]
[BlackElo "2243"]

1.d4 g6 2.e4 Bg7 3.Nc3 c6 4.Nf3 d5 5.h3 Nf6 6.e5 Ne4 7.Nxe4 dxe4 8.Ng5 c5
9.dxc5 Qxd1+ 10.Kxd1 Nc6 11.Bb5 Bd7 12.e6 fxe6 13.c3 O-O 14.Be3 Bh6 15.Nxe4 Bxe3
16.fxe3 a6 17.Ba4 Rf5 18.Ke2 Nd4+ 19.cxd4 Bxa4 20.Nc3 Bc6 21.e4 Rg5 22.g4 h5
23.Rhg1 Kg7 24.Ke3 e5 25.dxe5 Rxe5 26.b4 hxg4 27.hxg4 g5 28.Raf1 a5 29.a3 axb4
30.axb4 Kg6 31.Ra1 Rh8 32.Kd4 Re6 33.b5 Bd7 34.Ra7 Bc8 35.Ra8 Rf6 36.Nd5 Rf7
37.Ke5 Re8 38.Nb6 Rff8 39.Rxc8 Rxc8 40.Nxc8 Rxc8 41.Rc1 Kf7 42.c6 bxc6 43.bxc6 Rc7
44.Kf5 e6+ 45.Kxg5 Kg7 46.e5 Kf7 47.Kh6 Kg8 48.Kg6 Kf8 49.Kf6 Ke8 50.g5 Kf8
51.Kxe6  1-0

[Event "31st World Open"]
[Site "Philadelphia USA"]
[Date "2003.07.06"]
[Round "8"]
[White "Zatonskih,A"]
[Black "Ivanov,AV USA"]
[Result "1/2-1/2"]
[WhiteElo "2423"]
[BlackElo "2539"]

1.e4 g6 2.d4 Bg7 3.Nc3 c6 4.Nf3 d6 5.h3 Nd7 6.Be2 b5 7.O-O Qc7 8.Re1 a6 9.a4 b4
10.Na2 c5 11.dxc5 dxc5 12.c3 bxc3 13.Nxc3 e6 14.Bg5 Bb7 15.Bc4 Nb6 16.Bb3 Ne7
17.a5 Nbc8 18.Qc1 O-O 19.Na4 Nc6 20.Qxc5 Qxa5 21.e5 N8a7 22.Bd2 Qc7 23.Nb6 Rad8
24.Bg5 Rd3 25.Bc4 Rxf3 26.gxf3 Bxe5 27.Rad1 Nd4 28.Qxc7 Nxf3+ 29.Kf1 Bxc7
30.Rd7 Nh2+ 31.Kg1 Nf3+ 32.Kf1 Nh2+ 33.Kg1  1/2-1/2

[Event "26th Open"]
[Site "Barbera del Valles ESP"]
[Date "2003.07.09"]
[Round "5"]
[White "Asensio Linan,T"]
[Black "Vassallo,M"]
[Result "0-1"]
[WhiteElo "2222"]
[BlackElo "2396"]

1.e4 g6 2.d4 Bg7 3.Nc3 c6 4.Nf3 d6 5.Be2 Nf6 6.O-O O-O 7.Re1 Nbd7 8.a4 Qc7
9.h3 e5 10.dxe5 dxe5 11.Be3 Rd8 12.Qc1 Nf8 13.Bd3 b6 14.Nb1 Ne6 15.Nbd2 Nd7
16.Bc4 Ndf8 17.c3 h6 18.Qc2 Nf4 19.Bxf4 exf4 20.Rad1 Be6 21.Bxe6 Nxe6 22.Nb3 c5
23.Rd5 Qc6 24.c4 Qxa4 25.Ra1 Qe8 26.Qd2 a5 27.Rd1 Qa4 28.Qc2 Qe8 29.Nc1 g5
30.Ne2 Rab8 31.g3 fxg3 32.fxg3 Nc7 33.Rd6 Rxd6 34.Rxd6 Bf8 35.Rd1 Rd8 36.Rf1 Qc6
37.h4 Be7 38.hxg5 hxg5 39.Nh2 Qd7 40.Qc3 Bf8 41.Rf5 Bg7 42.Rxg5 Ne6 43.Rg4 Qd3
44.Qf6 Qe3+ 45.Qf2 Qxf2+ 46.Kxf2 Rd2  0-1

[Event "25th Open"]
[Site "Oberwart AUT"]
[Date "2003.07.09"]
[Round "5"]
[White "Mahdi,K"]
[Black "Salakhutdinov,I"]
[Result "1/2-1/2"]
[WhiteElo "2423"]
[BlackElo "2276"]

1.e4 g6 2.d4 Bg7 3.Nc3 c6 4.Nf3 d5 5.h3 Nh6 6.Bd3 O-O 7.O-O dxe4 8.Nxe4 Nf5
9.c3 Nd6 10.Re1 Nxe4 11.Bxe4 Nd7 12.Bc2 Nf6 13.Qe2 Re8 14.Bb3 Nd5 15.Qe4 a5
16.a4 Bf5 17.Qh4 f6 18.Qg3 Qd7 19.Bd2 Be6 20.Nh2 Kh8 21.Bc2 Bf5 22.Bb3 Be6
23.Nf3 Bf7 24.Bc2 e6 25.Qh4 Qc7 26.Be4 Rad8 27.Rad1 Ne7 28.g4 c5 29.g5 f5
30.Bf4 Qb6 31.dxc5 Qxc5 32.Rxd8 Rxd8 33.Bxb7 Qb6 34.Ne5 Be8 35.Bg2 Qxb2 36.Qg3 Kg8
37.Qe3 Nd5 38.Bxd5 exd5 39.Qc5  1/2-1/2

[Event "Masters"]
[Site "Saint Lo FRA"]
[Date "2003.07.09"]
[Round "1"]
[White "Philippe,C"]
[Black "Poley,V"]
[Result "1/2-1/2"]
[WhiteElo "2360"]
[BlackElo "2383"]

1.e4 g6 2.d4 Bg7 3.Nc3 c6 4.Nf3 d5 5.h3 Nh6 6.Be2 f6 7.O-O O-O 8.Bf4 Nf7
9.exd5 cxd5 10.Bh2 Nc6 11.Re1 g5 12.a3 e6 13.Bf1 Bd7 14.Nb5 Rc8 15.Nd6 Nxd6
16.Bxd6 Rf7 17.c4 Na5 18.c5 Nc4 19.Bxc4 dxc4 20.Qe2 b5 21.a4 a6 22.axb5 axb5
23.Ra7 Ra8 24.Rea1 Rxa7 25.Rxa7 Bc8 26.Ra8 Qd7 27.Qe4 Bf8 28.d5 exd5 29.Qxd5 Qb7
30.Qxb7 Bxb7 31.Rb8 Bxf3 32.gxf3 Kg7 33.Rxb5 Bxd6 34.cxd6 Rd7 35.Rd5 Kf7
36.Rd4 Ke6 37.Rxc4 Rxd6 38.f4 Rd3 39.fxg5 fxg5 40.Rc3 Rd2 41.b3 Kf5 42.Kg2 h5
43.Kg3 h4+ 44.Kf3 Rb2 45.Rc5+ Kf6 46.Rb5 Rc2 47.Kg4 Rxf2 48.Rb6+ Ke5 49.Kxg5 Rf8
50.Rb5+ Ke6 51.Kxh4 Rh8+ 52.Kg4 Rg8+ 53.Kf4 Rf8+ 54.Ke4 Rh8 55.Re5+ Kd6 56.Rd5+ Ke6
57.Rd4 Rxh3 58.b4 Rh4+  1/2-1/2

[Event "32nd TCh-GRE"]
[Site "Kallithea Chalkidiki GRE"]
[Date "2003.07.10"]
[Round "8"]
[White "Tzolas,G"]
[Black "Skalkotas,N"]
[Result "0-1"]
[WhiteElo "2157"]
[BlackElo "2285"]

1.e4 g6 2.d4 Bg7 3.Nc3 c6 4.Bc4 d5 5.exd5 b5 6.Bb3 b4 7.Nce2 cxd5 8.Nf3 Nf6
9.a3 bxa3 10.Rxa3 O-O 11.O-O Bb7 12.Re1 Nbd7 13.Nf4 Nb6 14.Qe2 e6 15.Ne5 Nfd7
16.Nfd3 Nxe5 17.Nxe5 Qh4 18.Nf3 Qe7 19.Bg5 Qc7 20.Qd2 Nc4 21.Bxc4 dxc4 22.Bh6 Rfd8
23.Bxg7 Kxg7 24.Ne5 f6 25.Ng4 Qf7 26.Qh6+ Kg8 27.Qf4 Kg7 28.Rh3 g5 29.Qd2 h5
30.Ne3 Rac8 31.c3 Be4 32.Nf1 Bf5 33.Rhe3 h4 34.h3 Rd6 35.Nh2 Rb6 36.d5 e5
37.g3 Rd6 38.gxh4 Rxd5 39.Qe2 gxh4 40.Ng4 Bxg4 41.Qxg4+ Qg6 42.Ra1 a5 43.Qxg6+ Kxg6
44.Re4 f5 45.Rxh4 Kg5 46.Rh7 Kf4 47.Rg7 Rb8 48.Ra4 Rxb2 49.Rxc4+ e4 50.Rd4 Rxd4
51.cxd4 a4 52.Rg3 Rb3 53.Rg7 Kf3 54.Rg3+ Ke2 55.Rg5 f4 56.Re5 Kf3 57.Ra5 Rb1+  0-1

[Event "32nd TCh-GRE"]
[Site "Kallithea Chalkidiki GRE"]
[Date "2003.07.10"]
[Round "8"]
[White "Tzoumbas,A"]
[Black "Svetushkin,D"]
[Result "1/2-1/2"]
[WhiteElo "2332"]
[BlackElo "2571"]

1.d4 g6 2.e4 Bg7 3.Nc3 c6 4.h3 d6 5.a4 Nd7 6.Nf3 Qc7 7.Be3 Ngf6 8.a5 O-O
9.Nd2 Rb8 10.g4 e5 11.dxe5 dxe5 12.Bg2 b5 13.axb6 axb6 14.O-O Nc5 15.f4 exf4
16.Bxf4 Qb7 17.Nc4 Be6 18.Nd6 Qe7 19.b4 Ncd7 20.Ne2 c5 21.Ra7 Qd8 22.b5 h6
23.Qd2 Nh7 24.Rd1 Ne5 25.Qc1 Qf6 26.Bg3 Ra8 27.Rb7 Rab8 28.Ra7 Ra8 29.Rb7 Ra2
30.Rxb6 Rfa8 31.Ra6 R2xa6 32.bxa6 Rxa6 33.Ne8 Qe7 34.Nxg7 Bc4 35.Qb2 Bxe2
36.Qb8+ Nf8 37.Qd8 Qxd8 38.Rxd8 f6 39.Ne8 Ned7 40.e5 fxe5 41.Bd5+ Kh7 42.Kf2 Bd1
43.c3 Rb6 44.Ke3 Bb3 45.Nc7 Bxd5 46.Nxd5 Re6 47.Bh4 g5 48.Bf2 Kg6 49.h4 gxh4
50.Bxh4 Kf7 51.Rc8 Rg6 52.Kf3 e4+ 53.Kf4 Ne6+ 54.Kf5 Ng7+ 55.Kf4 Ne6+ 56.Kf5 Ng7+
57.Kf4 Ne6+ 58.Kf5 c4  1/2-1/2

[Event "Masters"]
[Site "Saint Lo FRA"]
[Date "2003.07.12"]
[Round "4"]
[White "Berube,R"]
[Black "Poley,V"]
[Result "0-1"]
[WhiteElo "2305"]
[BlackElo "2383"]

1.e4 g6 2.d4 Bg7 3.Nc3 c6 4.Bc4 d5 5.exd5 b5 6.Bb3 b4 7.Nce2 cxd5 8.a3 bxa3
9.Rxa3 Nf6 10.Nf3 O-O 11.O-O e6 12.Re1 Nc6 13.Nf4 Na5 14.Ba2 Bd7 15.Ne5 Bb5
16.Bd2 Nb7 17.c3 Ne4 18.Rxe4 dxe4 19.Nxe6 fxe6 20.Bxe6+ Kh8 21.Nxg6+ hxg6
22.c4 Bxd4 23.Rh3+ Kg7 24.Bh6+ Kf6 25.Qg4 Bxf2+ 26.Kf1 Qd6 27.Qxe4 Qd1+ 28.Kxf2 Nc5
29.Rf3+ Qxf3+ 30.Qxf3+ Ke7 31.Bg5+ Kxe6  0-1

[Event "Open"]
[Site "Ikaros GRE"]
[Date "2003.07.14"]
[Round "3"]
[White "Lekic,D"]
[Black "Koukoufikis,A"]
[Result "1-0"]
[WhiteElo "2416"]
[BlackElo "2158"]

1.e4 g6 2.d4 Bg7 3.Nc3 c6 4.f4 d6 5.Nf3 b5 6.Bd3 Nd7 7.e5 dxe5 8.fxe5 Nb6
9.Be4 Nd5 10.Bxd5 cxd5 11.Nxb5 Qa5+ 12.Nc3 Ba6 13.Bd2 Bh6 14.Ne4 Bxd2+ 15.Qxd2 Qb6
16.Nc5 Qxb2 17.Kf2 Qb6 18.Rab1 Qc6 19.Qf4 e6 20.Ng5 Nh6 21.Ngxe6 fxe6 22.Qxh6 O-O-O
23.Qg7 Rhf8+ 24.Kg3 Rf5 25.Qxa7 Rg5+ 26.Kf4 Rf5+ 27.Ke3 Rxe5+ 28.dxe5 d4+
29.Kf2 Rf8+ 30.Kg3  1-0

[Event "Open"]
[Site "Ikaros GRE"]
[Date "2003.07.14"]
[Round "3"]
[White "Stiri,A"]
[Black "Shavtvaladze,N"]
[Result "1/2-1/2"]
[WhiteElo "2172"]
[BlackElo "2439"]

1.e4 g6 2.d4 Bg7 3.Nc3 c6 4.Nf3 d6 5.Be3 Nf6 6.h3 O-O 7.Qd2 b5 8.Bd3 Nbd7
9.O-O a5 10.Ne2 e5 11.dxe5 dxe5 12.a4 b4 13.c3 Rb8 14.cxb4 Rxb4 15.Qc2 c5
16.Rfd1 Qb6 17.Bb5 Rxe4 18.Ng3 Rxe3 19.fxe3 Bh6 20.Qc3 e4 21.Nh2 Qe6 22.Nhf1 Bb7
23.Qxa5 Nd5 24.Bxd7 Qxd7 25.Qxc5 f5 26.a5 Rc8 27.Qd4 Qg7 28.Qxg7+ Bxg7 29.a6 Ba8
30.Ra5 Nb4 31.a7 Nc6 32.Rc5 Bxb2 33.Rb1 Be5 34.Rbc1 Bd6 35.R5c4 Bb7 36.Ne2 Nxa7
37.Rxc8+ Nxc8 38.Nd4 Kf7 39.Nd2 Ne7 40.Nb5 Bg3 41.Nc4  1/2-1/2

[Event "Women's"]
[Site "Saint Lo FRA"]
[Date "2003.07.14"]
[Round "6"]
[White "Brunstein,S"]
[Black "Mihajlovskij,S"]
[Result "1/2-1/2"]
[WhiteElo "2056"]
[BlackElo "2411"]

1.e4 g6 2.d4 Bg7 3.Nc3 c6 4.Nf3 d5 5.e5 Bg4 6.h3 Bxf3 7.Qxf3 e6 8.Bd3 a6
9.Ne2 Nd7 10.O-O c5 11.c3 Qb6 12.a4 cxd4 13.cxd4 Ne7 14.Be3 Nc6 15.a5 Qb4
16.Rfd1 O-O 17.Bd2 Qe7 18.Qe3 Rfc8 19.Bc3 Rc7 20.Ra3 Rac8 21.Rb3 Qh4 22.Qg3 Qxg3
23.Nxg3 f6 24.f4 Bh6 25.Ne2 fxe5 26.dxe5 Bf8 27.Kh2 Nc5 28.Rb6 Na4 29.Rb3 Nxc3
30.Rxc3 Nxa5 31.Rxc7 Rxc7 32.Nd4 Kf7 33.Nf3 Bh6 34.Kg3 Nb3 35.h4 Rc1 36.Rxc1 Nxc1
37.Bf1 Nb3 38.Ng5+ Bxg5 39.hxg5 Nd2 40.Bd3 Nc4 41.b3 Nb2 42.Bf1 a5 43.Bb5 Nd1
44.Kf3 Nc3 45.Bd3 d4 46.g4 b5 47.f5 a4 48.bxa4 bxa4 49.Bc4 Ke7 50.Bxe6 d3
51.Ke3 Ne4 52.Bc4 d2 53.f6+  1/2-1/2

[Event "103rd ch-SUI w"]
[Site "Silvaplana SUI"]
[Date "2003.07.14"]
[Round "5"]
[White "Wilson,A"]
[Black "Lematschko,T"]
[Result "0-1"]
[WhiteElo "2015"]
[BlackElo "2285"]

1.e4 g6 2.d4 Bg7 3.Nc3 c6 4.Be3 d6 5.Qd2 b5 6.f3 h5 7.a3 a6 8.h4 Nd7 9.Nh3 Nb6
10.Ng5 d5 11.exd5 cxd5 12.Na2 Nh6 13.Nb4 Nf5 14.O-O-O f6 15.Nh3 Nxe3 16.Qxe3 Bh6
17.f4 Qd6 18.g3 Nc4 19.Bxc4 bxc4 20.Rde1 Ra7 21.Qf3 Be6 22.Kb1 Rd7 23.Nf2 Kf7
24.Re2 Bf5 25.Rhe1 e6 26.Na2 Rb8 27.Ka1 Rdb7 28.c3 Qxa3  0-1

[Event "13th S&WYM Rated"]
[Site "Millfield School ENG"]
[Date "2003.07.15"]
[Round "8"]
[White "Seymour,J"]
[Black "Mycroft,R"]
[Result "0-1"]
[WhiteElo "2029"]
[BlackElo "2117"]

1.e4 g6 2.d4 Bg7 3.Nc3 c6 4.Bc4 d6 5.Qf3 e6 6.Nge2 b5 7.Bd3 e5 8.Be3 Nf6
9.h3 Nbd7 10.d5 cxd5 11.Nxb5 Nb6 12.Bxb6 Qxb6 13.O-O O-O 14.g4 dxe4 15.Bxe4 Nxe4
16.Qxe4 d5 17.Qd3 d4 18.a4 a6 19.Na3 Be6 20.Rfd1 f5 21.f3 e4  0-1

[Event "103rd ch-SUI w"]
[Site "Silvaplana SUI"]
[Date "2003.07.15"]
[Round "6"]
[White "Krivec,J"]
[Black "Lematschko,T"]
[Result "1-0"]
[WhiteElo "2268"]
[BlackElo "2285"]

1.e4 g6 2.d4 Bg7 3.Nc3 c6 4.Be3 d6 5.Qd2 Nd7 6.h4 Ngf6 7.f3 b5 8.Bd3 h5 9.Nh3 a6
10.a4 Rb8 11.axb5 cxb5 12.Ne2 e5 13.c3 Bb7 14.d5 Rc8 15.Nf2 Ng8 16.b3 Bf6
17.g3 Qc7 18.c4 bxc4 19.Bxc4 Ra8 20.O-O Bd8 21.Nd3 Ne7 22.f4 f6 23.fxe5 fxe5
24.Nb4 Nc5 25.Nc3 Rf8 26.Rxf8+ Kxf8 27.Qf2+ Ke8 28.Bxc5 dxc5 29.Nxa6 Bxa6
30.Rxa6 Rxa6 31.Bxa6 Kd7 32.Bb5+ Kc8 33.Na4 Qd6 34.Nxc5 Bb6 35.b4 Kc7 36.Kh2 Nxd5
37.exd5 Qxd5 38.Qe2 Kd8 39.Qd3 Qxd3 40.Bxd3 g5 41.hxg5 Ke7 42.Bg6 e4 43.Bxe4 Bc7
44.Kh3 Be5 45.Kh4 Bc3 46.b5 Kd6 47.Na6 Bd4 48.Kxh5 Ke7 49.g6 Kf8 50.Kh6 Kg8
51.Nc7 Be3+ 52.Kh5 Bf2 53.Bd5+ Kh8 54.Ne6 Bxg3 55.g7+ Kh7 56.Be4+ Kg8 57.Kg6 Be5
58.Bd5  1-0

[Event "13th S&WYM Rated"]
[Site "Millfield School ENG"]
[Date "2003.07.16"]
[Round "10"]
[White "Linford,C"]
[Black "Mycroft,R"]
[Result "1-0"]
[WhiteElo "2207"]
[BlackElo "2117"]

1.e4 g6 2.d4 Bg7 3.Nc3 c6 4.f4 d5 5.e5 Nh6 6.Be2 f6 7.Be3 O-O 8.Qd2 Bg4 9.Nf3 Nf5
10.Bf2 Bxf3 11.Bxf3 fxe5 12.fxe5 e6 13.O-O c5 14.dxc5 Nc6 15.Rfe1 Nxe5 16.Qe2 Nh4
17.Bg4 Nf5 18.Bxf5 Rxf5 19.Nb5 Qa5 20.Nd4 Rxf2 21.Qxf2 Rf8 22.Qe3 Rf6 23.Nb3 Qc7
24.Qg3 Rf5 25.c3 h6 26.Rf1 Rg5 27.Qf4 Kh7 28.g3 Rg4 29.Qe3 h5 30.Rad1 h4
31.Rd4 Nc4 32.Qxe6 Bxd4+ 33.cxd4 Rxg3+ 34.hxg3 Qxg3+ 35.Kh1 Ne3 36.Qf7+ Kh6
37.Qf4+  1-0

[Event "Women's"]
[Site "Saint Lo FRA"]
[Date "2003.07.16"]
[Round "8"]
[White "Marchadour,C"]
[Black "Mihajlovskij,S"]
[Result "0-1"]
[WhiteElo "2095"]
[BlackElo "2411"]

1.e4 g6 2.d4 Bg7 3.Nc3 c6 4.f4 d5 5.e5 h5 6.Be3 Nh6 7.Nf3 Bg4 8.h3 Nf5 9.Bf2 Bxf3
10.Qxf3 h4 11.Bd3 e6 12.O-O Nd7 13.Ne2 Qe7 14.b3 Rh5 15.c4 Nb6 16.Nc3 Rd8
17.c5 Nc8 18.b4 Qc7 19.Bxf5 exf5 20.Rfe1 Ke7 21.b5 Rhh8 22.Re2 Ke6 23.a4 Rd7
24.a5 a6 25.bxa6 bxa6 26.Qd3 Na7 27.Qxa6 Rb8 28.Qd3 Rb3 29.Bxh4 Qb8 30.Be1 Bh6
31.Qg3 Bf8 32.Rea2 Rdb7 33.a6 R7b4 34.Qf2 Rb2 35.Ne2 R4b3 36.Rxb2 Rxb2 37.Bc3 Rc2
38.Qe1 Qb5 39.Bd2 Qd3 40.Rd1 Be7 41.Kh2 Bd8 42.Ba5 Bxa5 43.Qh4 Qxe2 44.Qf6+ Kd7
45.Qxf7+ Kc8 46.Qe8+ Bd8 47.Qe6+ Kb8 48.Qd6+ Bc7 49.Qf8+ Nc8 50.Rb1+ Ka7
51.Rg1 Qxa6 52.Qe8 Rb2 53.Qxg6 Kb7 54.Qxf5 Qc4 55.Rb1 Qe2 56.Rxb2+ Qxb2 57.e6 Qf2
58.Qf7 Kb8 59.Kh1 Bxf4  0-1